00462nam a2200193 a 4500001001300000003000900013005001700022008004100039020000900080082001600089100002300105245001800128260002500146300000800171500003500179505001300214650001800227700002300245nice12345678IN_TiNIC20260116012316.0050524s1985 dela grp 000 0 eng  ac2000a226.96bSIN aSingh, Herbert Jai aLord`s Prayer aDelhi bISPCK c1985 a98p aincludes index and biblioraphy2 aAppendix aLord`s Prayer1 aSingh, Herbert Jai